Vocabulaire espagnol aléatoire : corps humain - Statistiques

Statistiques générales
  • Ce quiz a été pris 449 fois
  • Le résultat moyen est 11 sur 30
Statistiques - réponses
Français Espagnol % Correct
Les cheveux El {pelo}
98%
La bouche La {boca}
94%
Le pied El {pie}
93%
Le cœur El {corázon}
91%
La tête La {cabeza}
90%
Une main Una {mano}
89%
Une dent Un {diente}
88%
Un bras Un {brazo}
86%
Le corps El {cuerpo}
85%
La peau La {piel}
81%
Le nez La {nariz}
79%
Un oeil Un {ojo}
79%
Le visage La {cara}
78%
Le sang La {sangre}
77%
La langue La {lengua}
71%
Une jambe Una {pierna}
69%
Un doigt Un {dedo}
67%
Un sourire Una {sonrisa}
63%
Beau {Guapo}
61%
Cheveux blonds Pelo {rubio}
61%
Le cou El {cuello}
59%
Une oreille Una {oreja}
59%
Le physique El {físico}
57%
La voix La {voz}
54%
Le genou La {rodilla}
53%
Les lèvres Los {labios}
53%
Gros {Gordo}
51%
L'estomac El {estómago}
50%
Le front El {frente}
50%
Un ongle Una {uña}
50%
Un poumon Un {pulmón}
50%
La poitrine El {pecho}
45%
Grand {Alto}
44%
Un membre Un {miembro}
44%
Laid {Feo}
43%
Petit {Bajo}
41%
Le coude El {codo}
41%
Un regard Una {mirada}
41%
La moustache El {bigote}
40%
Sain {Sano}
40%
L'épaule El {hombro}
39%
La barbe Las {barbas}
39%
Cheveux lisses Pelo {liso}
38%
Une larme Una {lágrima}
37%
Agile {Agil}
35%
La gorge La {garganta}
34%
Cheveux bruns Pelo {moreno}
34%
Mince {Delgado}
33%
Le muscle El {músculo}
33%
Le cerveau El {cerebro}
32%
Un os Un {hueso}
32%
Sourd {Sordo}
31%
La chair La {carne}
30%
Joli {Bonito}
29%
Le squelette El {esqueleto}
28%
Le poing El {puño}
28%
La cheville El {tobillo}
26%
Obèse {Obeso}
26%
Le crâne El {cráneo}
23%
Le menton La {barbilla}
23%
Le poignet La {muñeca}
23%
Un grain de beauté Un {lunar}
23%
Les cils Las {pestañas}
22%
Le pouce El {pulgar}
21%
Cheveux châtains Pelo {castaño}
21%
La joue La {mejilla}
19%
Cheveux frisés Pelo {rizado}
19%
La colonne vertébral La {columna vertebral}
16%
Les sourcils Las {cejas}
16%
Les taches de rousseur Las {pecas}
14%
Maigre {Flaco}
13%
Le ventre El {vientro}
12%
Les hanches Las {caderas}
9%
La cuisse El {muslo}
8%
Les fesses Las {nalgas}
8%
Ridé {Arrugado}
5%
Le mollet La {pantorilla}
5%
Les rides Las {arrugas}
5%
Musclé {Muscoloso}
5%
Bossu {Ciego}
3%
Corporel {Corpóreo}
3%
Les paupières Los {párpados}
3%
Un cheveu Un {caballo}
3%
Sourd muet {Sordomodo}
2%
Louche {Bizco}
0%
Aveugle {Cojo}
0%
Le souffle El {aliento}
0%
L'allure El {continiente}
0%
Faible {Flojo}
0%
Boiteux {Jorobado}
0%
Le dos La {espalada}
0%
La mâchoire La {quijada}
0%
Les pomettes Los {pómulos}
0%
Cheveux blancs Pelo {cano}
0%
Cheveux crépus Pelo {crespo}
0%
Cheveux raides Pelo {lacio}
0%
Une boucle Un {bucle}
0%
Un nain Un {erano}
0%
Une frange Un {flequillo}
0%
Une mèche Un {mechón}
0%
Aucun quiz correspondant
Distribution des résultats
% des personnes avec chaque résultat
Percentile par nombre de réponses
Votre historique - résultats
Vous n’avez pas pris ce quiz